English Syntax and Argumentation (Record no. 1826)

MARC details
000 -LEADER
fixed length control field 00354nam a22001457a 4500
008 - FIXED-LENGTH DATA ELEMENTS--GENERAL INFORMATION
fixed length control field 241127b |||||||| |||| 00| 0 eng d
020 ## - INTERNATIONAL STANDARD BOOK NUMBER
ISBN 0333693442
100 ## - MAIN ENTRY--AUTHOR
Author Aarts Bas
245 ## - TITLE STATEMENT
Title English Syntax and Argumentation
250 ## - EDITION STATEMENT
Edition statement 3th
260 ## - PUBLICATION, DISTRIBUTION, ETC. (IMPRINT)
Place of publication England
Name of publisher Palgrave Mqcmillian
Date of publication 2008
300 ## - COLLATION
Pagination 323
942 ## - ADDED ENTRY ELEMENTS (KOHA)
Item type Books
050 ## - LIBRARY OF CONGRESS CALL NUMBER
Classification number PE 1127.L47
Item number .A27
Holdings
Source of classification or shelving scheme Not for loan Permanent location Current location Date acquired Accession No. Full call number Barcode. Koha item type
Library of Congress Classification   Samuel Ogbemudia Main Library, University of Abuja Samuel Ogbemudia Main Library, University of Abuja 11/27/2024 2016/480529 PE 1127.L47.A27 2024-2817 Books